000 00286nam a2200109Ia 4500
008 190902s9999||||xx |||||||||||||| ||und||
100 _aDoctor Dildar Ahmed Qadri
245 0 _aKainat Quran aur Science
260 _aKarachi
_bFazli Sons Private Limited
_c1998
300 _a128
942 _cBK
999 _c2922
_d2922